South Park Difficult Trivia - Statistics

General Stats
  • This quiz has been taken 2,054 times
  • The average score is 9 of 15
Answer Stats
Question Answer % Correct
Who is The Coon? Cartman
96%
Wendy has kissed which member in the main group (other than Stan)? Cartman
96%
Who is Mysterion? Kenny
93%
First Name? Eric
92%
Who created South Park? Trey Parker
88%
Matt Stone
86%
Who believes Cartman is a ghost in "The Death of Eric Cartman" Butters
85%
What is Butters' real name? Leopold
85%
What is Kyle called when his cousin visits? Kyle 2
57%
What is Mysterion's power? Immortality
48%
What is Cartman's favorite restaurant? KFC
48%
What is Cartman's middle name? Theodore
23%
Who is Cartman's Dad? Jack Tenorman
21%
The group ignores Cartman after he does what? Eats the skin off of all the KFC chicken
10%
By which episode do the creators of the show run out of ideas for a plot? Quest for Ratings
4%
No matching quizzes found
Score Distribution
Percent of People with Each Score
Percentile by Number Answered
Your Score History
You have not taken this quiz